000 00546nam a2200193 a 4500
001 1771582463769
003 YourLibrary
005 20260220154927.0
008 260220s2000##################000#0#eng##
020 _a9783631372883
082 0 4 _a338.0919
_bLIE
100 1 _aLiebig, Volker,
_eauthor.
245 1 0 _aSpace Applications and Policies for the New Century :
260 _bPeter Lang Pub Incorporated,
_c2000.
300 _a266 pages
650 0 _aBusiness & Economics.
942 _cENGLISH
040 _aYourLibrary
_beng
_cYourLibrary
999 _c614311
_d614311